| 000 | 01108njm a2200313Ia 4500 | ||
|---|---|---|---|
| 001 | 26679 | ||
| 003 | IT-RoPAU | ||
| 005 | 20220918181110.0 | ||
| 008 | 131025s9999 xx 000 0 und d | ||
| 040 | _aIT-RoPAU | ||
| 040 | _cIT-RoPAU | ||
| 041 | _aITAL/TED | ||
| 999 |
_c98917 _d98917 |
||
| 999 | _bSI | ||
| 100 |
_aBach Johann Sebastian _916250 |
||
| 100 |
_eAutore musica _916251 |
||
| 100 |
_gCodice autore musica SPICS: 9695 _916252 |
||
| 245 | _aCantate sacre di J.S. Bach (Le) 50 | ||
| 250 | _a1a ed. | ||
| 260 | _aROMA | ||
| 260 |
_bSPICS RECORDS _c1984 [1a Ed.:1984 - Ed. Lingua Orig.: 1984] |
||
| 300 | _aMUSICASSETTA | ||
| 300 | _c90 minuti (Testo: pag.) | ||
| 500 | _aMusica sacra. Cantata. | ||
| 505 | _aCantata BWV 005 Wo Soll Ich Fliehen Hin - Cantata BWV 048 Ich Elender Mensch, Wer Wird Mich Erlosen - Cantata BWV 056 Ich Will Den Kreuzstab Gerne Tragen | ||
| 650 |
_aMUSICA SACRA [CASSETTE] _eCodice MATERIA SPICS: 9951 _916253 |
||
| 700 |
_aBasso Alberto _eInterprete _gCodice interprete SPICS: 9484 _916254 |
||
| 700 |
_aBasso Alberto _gCodice autore SPICS: 9484 _eAutore _916255 |
||
| 942 |
_cMC _2ddc |
||